000
00269nam a22001217a 4500
008
180903b xxu||||| |||| 00| 0 eng d
041
_a
eng
080
_a
541
100
_a
12
101
_a
KIM
245
_a
Basic Liquid Chromatography
_c
Johnson, E.L
942
_2
udc
_c
BK
999
_c
47484
_d
47484